| 000 | 00659nam a22001937a 4500 | ||
|---|---|---|---|
| 003 | OSt | ||
| 005 | 20210609173443.0 | ||
| 008 | 210609s1988 ck ||||grl|||f00| 0 spa d | ||
| 040 |
_aCO-JMCR _cCO-JMCR |
||
| 041 | 0 | _aspa | |
| 082 | 0 | 4 |
_a333.0986 / _bC718l _223 |
| 110 | 1 |
_aColombia. _bMinisterio de Agricultura _938268 |
|
| 245 | 1 | 0 |
_aLey 30 de 1988 / _bMinisterio de Agricultura. Instituto Colombiano de la Reforma Agraria INCORA |
| 260 |
_aBogotá : _bMinAgricultura, _c1988 |
||
| 300 |
_a61 páginas ; _c22 cm. |
||
| 650 | 1 | 4 |
_aReforma agraria _xLegislación _zColombia _938269 |
| 650 | 2 | 4 |
_aPolítica agraria _xLegislación _zColombia _938270 |
| 942 |
_2ddc _cBK |
||
| 999 |
_c15554 _d15554 |
||